Estadísticas para ¿Qué significa esta sigla?

Haz click aquí para intentar la prueba.

Estadísticas generales

  • Esta prueba ha sido intentada 222 veces
  • La puntuación promedio es 6 de 15

Estadísticas de respuestas

SiglaSignificado de la Sigla% Correcto
RAEReal Academia Española
84%
OMSOrganización Mundial de la Salud
76%
ONUOrganización de las Naciones Unidas
67%
JJOOJuegos Olímpicos
65%
LATAMLatinoAmérica
57%
NZNueva Zelanda
45%
EUAEstados Unidos de América
41%
LGBTLesbianas, Gays, Bisexuales y Transexuales
36%
YTYouTube
36%
RDRepública Dominicana
29%
PIBProducto Interno Bruto
28%
RDCRepública Democrática del Congo
23%
OTANOrganización del Tratado Atlántico Norte
18%
FIFAFederación Internacional de Fútbol Asociado
13%
TAAFTierras Australes y Antárticas Francesas
1%

Distribución de puntuación

Porcentaje por número respondido

Porcentaje de gente con cada puntuación

Historial de tus puntuaciones

No has intentado esta prueba.